Statistics for RuPaul's Drag Race - Double Sashays and Shantays

Click here to take the quiz!

General Stats

  • This quiz has been taken 133 times
    (45 since last reset)
  • The average score is 56 of 85

Answer Stats

Answer% Correct
Alyssa Edwards
100%
Yara Sofia
98%
Tatianna
95%
BenDeLaCreme
93%
Carmen Carrera
93%
Kandy Muse
93%
Roxxxy Andrews
93%
Symone
93%
Brooke Lynn Hytes
90%
Dax ExclamationPoint
90%
Jujubee
90%
Laila McQueen
90%
Raven
90%
Shangela
90%
Vivienne Pinay
90%
Kameron Michaels
88%
Yvie Oddly
88%
Angeria Paris VanMicheals
85%
Eureka
85%
Heidi N Closet
85%
Jackie Cox
85%
Jasmine Kennedie
85%
Jorgeous
85%
Phi Phi O'Hara
85%
Sharon Needles
85%
Bosco
83%
Choriza May
83%
Honey Mahogany
83%
Latrice Royale
83%
Miz Cracker
83%
Monique/Mo Heart
83%
Willow Pill
83%
Anetra
80%
Darienne Lake
80%
Monét X Change
80%
River Medway
80%
Trinity The Tuck
80%
Aquaria
78%
Mistress Isabelle Brooks
78%
Ra'Jah O'Hara
78%
Manila Luzon
73%
Tayce
73%
Cynthia Lee Fontaine
71%
Farrah Moan
71%
Jaida Essence Hall
68%
Morgan McMichaels
68%
Charity Kase
66%
Ellie Diamond
66%
LaLa Ri
66%
Jaymes Mansfield
63%
Scarlett Harlett
59%
Black Peppa
56%
Nearah Nuff
56%
Jonbers Blonde
54%
Marina
54%
Miss Abby OMG
54%
Kana Warrior
49%
Ma'Ma Queen
49%
Organzza
49%
Aimee Yonce Shennel
46%
Angele Anang
46%
Alvilda
44%
Chloe Clarke
44%
Matraka
44%
Bernie
41%
Captivating Katkat
41%
Divinity
41%
Estrella Xtravaganza
41%
Gabanna
41%
Le Riche
41%
Luquisha Lubamba
41%
Brigiding
39%
Natalia Pliacam
39%
Tessa Testicle
39%
JAJA
37%
Loulou Velvet
37%
Minty Fresh
37%
Regina Voce
37%
Shannon Skarllet
37%
Amadiva
34%
Ava Hangar
34%
Victoria Shakespears
34%
Maya B'Haro
32%
Miss Vallarta
29%
Vermelha Noir
29%

Score Distribution

Percentile by Number Answered

Percent of People with Each Score

Your Score History

You have not taken this quiz since the last reset